The Pronounciation of English (Record no. 766)

MARC details
000 -LEADER
fixed length control field 00308nam a22001097a 4500
008 - FIXED-LENGTH DATA ELEMENTS--GENERAL INFORMATION
fixed length control field 160624b xxu||||| |||| 00| 0 eng d
100 ## - MAIN ENTRY--PERSONAL NAME
9 (RLIN) 961
Personal name Jones, D,
245 ## - TITLE STATEMENT
Title The Pronounciation of English
260 ## - PUBLICATION, DISTRIBUTION, ETC. (IMPRINT)
Place of publication, distribution, etc. Lon
Name of publisher, distributor, etc. Cambridge University Press
Date of publication, distribution, etc. 1963
300 ## - PHYSICAL DESCRIPTION
Extent The Pronounciation of English
942 ## - ADDED ENTRY ELEMENTS (KOHA)
Source of classification or shelving scheme Dewey Decimal Classification
Koha item type BOOK
Holdings
Withdrawn status Lost status Source of classification or shelving scheme Damaged status Not for loan Home library Current library Date acquired Total Checkouts Full call number Barcode Date last seen Price effective from Koha item type
    Dewey Decimal Classification     Good Samaritan School Library Good Samaritan School Library 06/24/2016   402 JON539 06/24/2016 06/24/2016 BOOK

Powered by Koha